000 00721nam a2200181 a 4500
001 000043105
005 20201002040637.0
008 140219s1992 sp 000 0 spa d
020 _z8472326365
040 _aDO-SdBNP
_bspa
_cBNPHU
082 _axxx
_bxxx
245 0 0 _aCiencias de la Naturaleza en Al-Andalus II /
_ceditados por E. García Sánchez ; C. Álvarez de Morales.
260 _aMadrid :
_bConsejo Superior de Investigaciones Cientícas
_bEscuela de Estudios Arabes,
_c1992.
300 _a269 p. ;
_c24 cm.
505 0 _gv. 2
_rC. Álvarez de Morales
_tTextos y estudios
_gv. 2
_rE. García Sánchez ;
_tBibliográfica
700 1 2 _aE. García Sánchez.
_eed.
_970635
700 1 2 _aÁlvarez de Morales, C.
_eed.
_970636
999 _c42594
_d42594